Keluarga

Bibliographic Details
Main Author: Anita
Other Authors: Wan Patanah Wan Yusoff
Format: Book
Language:English
Published: Kuala Lumpur Dewan Bahasa dan Pustaka 2001
Series:Kelakuan haiwan
Subjects:
LEADER 00903cam a2200241 a 4500
001 0000138188
005 20140321090000.0
040 |a mod 
041 |a eng 
020 0 0 |a 9836267379 
090 0 0 |a 591.563  |b ANI  |c f  |e 2001 
100 1 0 |a Anita  |h Ganeri  |y 1961- 
245 1 0 |a Keluarga  |c Anita Ganeri ; translation by Wan Patanah Wan Yussoff 
260 0 0 |a Kuala Lumpur  |b Dewan Bahasa dan Pustaka  |c 2001 
300 0 0 |a 32 p.  |b col. ill.  |c 29 cm 
440 0 0 |a Kelakuan haiwan 
500 0 0 |a Includes index 
650 0 0 |a Animal behavior  |x Juvenile literature 
650 0 0 |a Familial behavior in animals  |x Juvenile literature 
700 0 0 |a Wan Patanah Wan Yusoff 
852 0 0 |a 01 
999 |a B000025743  |b KDSI(PULAREK) Tg Pengelih  |d BOOKS  |e Koleksi Kanak-kanak (K)  |f KD SULTAN ISMAIL  |j AVAILABLE  |q GOOD CONDITION 
999 |a B000025744  |b KDSI(PULAREK) Tg Pengelih  |d BOOKS  |e Koleksi Kanak-kanak (K)  |f KD SULTAN ISMAIL  |j AVAILABLE  |q GOOD CONDITION